Nubosidad variable / (Registro nro. 15050)

Detalles MARC
000 -LEADER
campo de control de longitud fija 00673nam a2200217 i 4500
001 - NÚMERO DE CONTROL
campo de control 15050
003 - IDENTIFICADOR DE NÚMERO DE CONTROL
campo de control ES-MaACL
005 - FECHA Y HORA DE LA ÚLTIMA TRANSACCIÓN
campo de control 20231222205018.0
007 - CAMPO FIJO DE DESCRIPCIÓN FÍSICA--INFORMACIÓN GENERAL
campo de control de longitud fija t|
008 - DATOS DE LONGITUD FIJA--INFORMACIÓN GENERAL
campo de control de longitud fija 991203s1997 gr ||||1| gre d
020 ## - NÚMERO INTERNACIONAL ESTÁNDAR DEL LIBRO
Número Internacional Estándar del Libro 960-274-218-6
080 ## - NÚMERO DE LA CLASIFICACIÓN DECIMAL UNIVERSAL
Número de la Clasificación Decimal Universal 821.134.2-31"19"
100 1# - ENTRADA PRINCIPAL--NOMBRE DE PERSONA
Nombre de persona Martín Gaite, Carmen,
Fechas asociadas al nombre 1925-2000
9 (RLIN) 77496
245 10 - MENCIÓN DEL TÍTULO
Título Nubosidad variable /
Mención de responsabilidad, etc. Carmen Martín Gaite ; traducción: Elena Kekropoúlou.
260 ## - PUBLICACIÓN, DISTRIBUCIÓN, ETC.
Lugar de publicación, distribución, etc. Atenas :
Nombre del editor, distribuidor, etc. Psichogios,
Fecha de publicación, distribución, etc. [1997]
300 ## - DESCRIPCIÓN FÍSICA
Extensión 428 p. ;
Dimensiones 21 cm.
546 ## - NOTA DE IDIOMA
Nota de lengua/lenguaje Portada y texto en caracteres griegos.
700 1# - ENTRADA AGREGADA--NOMBRE PERSONAL
Nombre de persona Kekropoúlou, Elena.
9 (RLIN) 67743
852 ## - LOCALIZACIÓN
Ubicación ES-MaACL
Número de control de estantería L-22213
Sublocalización o colección R.127472
Existencias
Estatus retirado Estado de pérdida Estado de daño No para préstamo Biblioteca de origen Biblioteca actual Ubicación en estantería Fecha de adquisición Fuente de adquisición Total de préstamos Signatura topográfica completa Código de barras Visto por última vez Precio de reemplazo Tipo de ítem Koha
        Biblioteca del Ateneo de Madrid Biblioteca del Ateneo de Madrid Depósito 2 17/01/2008     L-22213 1015305 23/02/2023 23/02/2023 Libro impreso